Aktivácia úrokov podľa amerických účtovných predpisov

Za úroky sa pre účely štandardu SFAS 34 považujú úroky ktoré sú explicitne stanovené (napríklad v prípade bankových úverov), ďalej úroky z kapitálového (finančného) prenájmu a úroky predstavujúce amortizovanie ážia/disážia v prípade finančných nástrojov.

Guardado en:
Detalles Bibliográficos
Autor principal: Tumpach, Miloš, 1970-
Formato: Capítulo de libro
Lenguaje:eslovaco
Materias:
Etiquetas: Agregar Etiqueta
Sin Etiquetas, Sea el primero en etiquetar este registro!

MARC

LEADER 00000nla$a2200000$$$4500
001 0130415
005 20240502072508.5
041 0 |a slo 
044 |a SK 
245 1 0 |a Aktivácia úrokov podľa amerických účtovných predpisov  |c Miloš Tumpach 
520 |a Za úroky sa pre účely štandardu SFAS 34 považujú úroky ktoré sú explicitne stanovené (napríklad v prípade bankových úverov), ďalej úroky z kapitálového (finančného) prenájmu a úroky predstavujúce amortizovanie ážia/disážia v prípade finančných nástrojov. 
610 2 0 |a štandardy účtovné medzinárodné 
610 2 0 |a úrok 
610 2 0 |a USA 
610 2 0 |a SFAS 
100 1 |a Tumpach, Miloš, 1970-